000 00448nam a2200145Ia 4500
008 230917s9999||||xx |||||||||||||| ||und||
040 _e5016996
_aMAIN
041 _aEnglish
082 _a891.431721 SV92:PR
100 _aप्रीति
245 0 _aविनोद कुमार शुक्ल के काव्य का शैलीवैज्ञानिक अध्ययन
260 _c2020
300 _a221 p.
942 _cBK
999 _c10920
_d10920